| 000 | 01321nam a22004097a 4500 | ||
|---|---|---|---|
| 003 | CHAP | ||
| 005 | 20220817044357.0 | ||
| 008 | 100927s2009 it rn 00010 eng d | ||
| 010 | _a99331 | ||
| 011 | _a100303 | ||
| 020 | _a9789251064207 | ||
| 035 | _a110989 | ||
| 040 | _cCHAP | ||
| 082 | 0 | 4 |
_a639.2 _bF3y v.531 |
| 110 | 2 | _aFAO | |
| 245 | 1 | 0 |
_aUse of algae and aquatic macrophytes as feed in small - scale aquaculture : _ba review _c/por Mohammad R. Hasan y Rina Chakrabarti |
| 260 |
_aRome : _bFAO, _c2009 |
||
| 300 | _avii,123 p. | ||
| 490 | 0 |
_aDocumento técnico de pesca _v; 531 |
|
| 590 |
_aBATCH-UPD _b10 _c20130110 _lUCH01 _h1053 |
||
| 590 |
_aBATCH-UPD _b10 _c20130410 _lUCH01 _h0649 |
||
| 590 |
_aBATCH-UPD _b10 _c20130914 _lUCH01 _h0048 |
||
| 590 |
_aCONVERSION _b10 _c20130109 _lUCH01 _h1355 |
||
| 650 | 1 | 4 |
_aAlgas. _93947 |
| 650 | 1 | 4 |
_aAlimentos. _94114 |
| 650 | 1 | 4 |
_aMaterias primas. _972962 |
| 650 | 1 | 4 |
_aMicroorganismos. _975519 |
| 650 | 1 | 4 |
_aOrganismos acuáticos. _983516 |
| 650 | 1 | 4 |
_aPesca artesanal. _987431 |
| 650 | 1 | 4 |
_aPescado. _987442 |
| 700 | 1 |
_aChakrabarti, Rina _921736 |
|
| 700 | 1 |
_aHasan, Mohammad R. _953015 |
|
| 830 | 0 | 0 |
_aDocumento técnico de pesca _v; 531 _933242 |
| 901 | _aBK | ||
| 942 | _cLIBRO | ||
| 949 |
_a639.2 F3y v.531 _bBC _cFAO _d33724002219108 _eFAO1 _h113514 _i110989 _sb |
||
| 999 |
_c99331 _d99331 |
||